Μεταβίβαση περιουσίας στον Παλαιόκηπο Λέσβου : προικοσύμφωνα και διαθήκες 1907-1919 : μεταπτυχιακή διατριβή
Αποθηκεύτηκε σε:
| Κύριος συγγραφέας: | |
|---|---|
| Συγγραφή απο Οργανισμό/Αρχή: | |
| Μορφή: | Thesis Βιβλίο |
| Γλώσσα: | Greek |
| Δημοσίευση: |
2004.
|
| Θέματα: | |
| Ετικέτες: |
Προσθήκη ετικέτας
Δεν υπάρχουν, Καταχωρήστε ετικέτα πρώτοι!
|
MARC
| LEADER | 00000cam a2200000 i 4500 | ||
|---|---|---|---|
| 001 | 1/24342 | ||
| 008 | 060215s2004 gre d | ||
| 035 | |l 10082649 | ||
| 040 | |a GR-MY-UA |b gre |e aacr | ||
| 041 | 0 | |a gre | |
| 082 | 0 | |a 392.5 |2 (22) | |
| 100 | 1 | |a Ταμβάκη, Παναγιώτα. | |
| 245 | 1 | 0 | |a Μεταβίβαση περιουσίας στον Παλαιόκηπο Λέσβου : |b προικοσύμφωνα και διαθήκες 1907-1919 : μεταπτυχιακή διατριβή / |c Παναγιώτα Ταμβάκη. |
| 260 | |c 2004. | ||
| 300 | |a 59 σ. : |b χάρτες ; |c 30 εκ. | ||
| 500 | |a Υπάρχει ψηφιακό αντίγραφο. | ||
| 502 | |a Διατριβή (μεταπτυχιακή) - Πανεπιστήμιο Αιγαίου, Λέσβος, 2004. | ||
| 504 | |a Βιβλιογραφία: σ. 57-59. | ||
| 650 | 0 | 0 | |a Real property |z Greece |z Lesbos (Municipality) |x History. |
| 650 | 0 | 0 | |a Inheritance and succession |z Greece |z Lesbos (Municipality) |
| 650 | 0 | 0 | |a Dowry |z Greece |z Lesbos (Municipality) |
| 650 | 0 | 0 | |a Dissertations, Academic |z Greece. |
| 710 | 2 | |a Πανεπιστήμιο Αιγαίου. |b Σχολή Κοινωνικών Επιστημών. |b Τμήμα Κοινωνικής Ανθρωπολογίας και Ιστορίας. |b Πρόγραμμα Μεταπτυχιακών Σπουδών Κοινωνική και Ιστορική Ανθρωπολογία. | |
| 852 | |a INST |b LESVOS |c DIATR |e 20060215 |h 27 |p 005100034227 |q 005100034227 |t MTXE |y 23 | ||
| 852 | |a INST |b LESVOS |c DIATR |e 20060215 |h 28 |p 005100034208 |q 005100034208 |t MTXE |y 23 | ||
| 901 | |a BIBL1-2006-1 | ||
| 909 | |a Λ |b 120882 | ||
| 909 | |a Λ |b 120883 | ||
| 924 | |a ΤΑΜΒΑΚΗ |b ΠΑΝΑΓΙΩΤΑ |y ΛΕΣΒΟΣ |z 2004 | ||
| 970 | |a ΜΑΡΙΝΑΤΟΥ |b ΜΥΡΣΙΝΗ |z 2006/02/15 | ||